000 00631nam a2200265Ia 4500
005 20260306153028.0
008 008 260114s9999 xx 000 0 eng d
020 _a9781009282765
037 _aEBOOK
040 _aCRL
040 _beng
040 _cCRL
041 _2eng
041 _aeng
084 _qCRL
100 _aKreutzer/Walter
_91124516
245 0 _aReconceptualizing Organizational Control
250 _a1st ed
260 _bCambridge University Press
260 _c2024
650 _aCommerce
856 _uhttps://doi.org/10.1017/9781009282765
942 _cEBOOK
999 _c1701918
_d1701918